[Event "GBR-ch72"]
[Site "Edinburgh"]
[Date "1985.07.29"]
[Round "1.26"]
[White "Orr, Mark JL"]
[Black "Levitt, Jonathan"]
[Result "1/2-1/2"]
[WhiteElo "2340"]
[BlackElo "2375"]
[PlyCount "113"]
[EventDate "1985.07.29"]
[EventType "swiss"]
[EventRounds "11"]
[EventCountry "GBR"]
[SourceTitle "BritBase"]
[Source "John Saunders"]
[SourceDate "2020.09.07"]
[SourceVersion "1"]
[SourceVersionDate "2020.09.07"]
[SourceQuality "2"]

1. Nf3 Nf6 2. c4 e6 3. Nc3 Bb4 4. Qc2 O-O 5. a3 Bxc3 6. Qxc3 b6 7. g3 a5 8. Bg2
Bb7 9. O-O a4 10. b4 axb3 11. Qxb3 d6 12. Bb2 Nbd7 13. d4 Ra7 14. Ne1 Bxg2 15.
Nxg2 Qa8 16. Ne3 Re8 17. Rfd1 Ra4 18. Rac1 Ra5 19. Qc2 Qb7 20. Rd3 Qa8 21. Rcd1
Rf8 22. Rb3 Qc6 23. Rc3 Rc8 24. Ba1 Qa8 25. Bb2 Qa6 26. Rcd3 Kf8 27. Rb3 Kg8
28. Rbd3 Qa8 29. Rb3 c6 30. Rbd3 Qb7 31. Rb3 Qc7 32. Rbd3 Raa8 33. Rc3 Qb7 34.
Rb3 Qa6 35. Rbd3 b5 36. cxb5 cxb5 37. Rc3 d5 38. Rc1 Nb6 39. Rc6 Rxc6 40. Qxc6
Nc4 41. Qxa6 Rxa6 42. Nxc4 bxc4 43. f3 Nd7 44. Kf2 f6 45. Ra1 Rb6 46. Ra2 Rb3
47. a4 Nb8 48. Bc1 Kf7 49. Rb2 Rxb2 50. Bxb2 Ke8 51. e4 Kd8 52. Ke3 Nd7 53.
exd5 exd5 54. a5 Kc7 55. Kf4 g6 56. g4 Kc6 57. g5 1/2-1/2

[Event "GBR-ch72"]
[Site "Edinburgh"]
[Date "1985.07.29"]
[Round "1.27"]
[White "Prasad, Devaki V"]
[Black "Abayasekera, Roger"]
[Result "1/2-1/2"]
[WhiteElo "2375"]
[BlackElo "2200"]
[PlyCount "86"]
[EventDate "1985.07.29"]
[EventType "swiss"]
[EventRounds "11"]
[EventCountry "GBR"]
[SourceTitle "BritBase"]
[Source "John Saunders"]
[SourceDate "2020.09.07"]
[SourceVersion "1"]
[SourceVersionDate "2020.09.07"]
[SourceQuality "2"]

1. e4 c5 2. Nf3 e6 3. d4 cxd4 4. Nxd4 Nc6 5. Nc3 a6 6. Be2 Qc7 7. O-O Nf6 8.
Be3 Bb4 9. Bd3 O-O 10. Kh1 d5 11. exd5 exd5 12. h3 Re8 13. Nxc6 bxc6 14. Qf3
Bd6 15. Rae1 Bb7 16. Bd4 Be5 17. Bxe5 Rxe5 18. Qg3 Rae8 19. Re2 Qb8 20. Rxe5
Qxe5 21. Qxe5 Rxe5 22. b4 Bc8 23. Na4 Re7 24. Nc5 Ra7 25. a4 Nd7 26. Re1 Kf8
27. Nb3 g6 28. Be2 Rc7 29. Bg4 f5 30. Bf3 c5 31. b5 axb5 32. axb5 Nb6 33. Re5
Bd7 34. Bxd5 Bxb5 35. Be6 Ba4 36. Nxc5 Bxc2 37. f4 Re7 38. Re2 Ba4 39. Rb2 Nd7
40. Bxd7 Bxd7 41. Rb8+ Be8 42. Kh2 Kg7 43. Rb7 Rxb7 1/2-1/2

[Event "GBR-ch72"]
[Site "Edinburgh"]
[Date "1985.07.29"]
[Round "1.28"]
[White "Walker, RH.."]
[Black "Hawksworth, John C"]
[Result "0-1"]
[WhiteElo "2180"]
[BlackElo "2370"]
[PlyCount "70"]
[EventDate "1985.07.29"]
[EventType "swiss"]
[EventRounds "11"]
[EventCountry "GBR"]
[SourceTitle "BritBase"]
[Source "John Saunders"]
[SourceDate "2020.09.07"]
[SourceVersion "1"]
[SourceVersionDate "2020.09.07"]
[SourceQuality "2"]

1. d4 Nf6 2. Nf3 e6 3. g3 b6 4. Bg2 Bb7 5. c4 c5 6. d5 exd5 7. Nh4 g6 8. cxd5
Bg7 9. Nc3 O-O 10. O-O d6 11. e4 Re8 12. Qc2 Qd7 13. Bf4 Na6 14. Nf3 c4 15.
Rad1 Nb4 16. Qd2 Nd3 17. Ne1 Nxf4 18. Qxf4 b5 19. Nc2 a5 20. a3 Ba6 21. Rfe1
Rab8 22. e5 dxe5 23. Rxe5 b4 24. Rxe8+ Qxe8 25. Re1 Qd8 26. axb4 axb4 27. Na4
Nd7 28. d6 Bb5 29. Re7 Bf6 30. Rxd7 Bxd7 31. Nc5 c3 32. bxc3 b3 33. Na3 b2 34.
Nb1 Bf5 35. d7 Bxb1 0-1

[Event "GBR-ch72"]
[Site "Edinburgh"]
[Date "1985.07.29"]
[Round "1.29"]
[White "Howell, James C"]
[Black "Gregory, Stephen J"]
[Result "1-0"]
[WhiteElo "2370"]
[BlackElo "2152"]
[PlyCount "53"]
[EventDate "1985.07.29"]
[EventType "swiss"]
[EventRounds "11"]
[EventCountry "GBR"]
[SourceTitle "BritBase"]
[Source "John Saunders"]
[SourceDate "2020.09.07"]
[SourceVersion "1"]
[SourceVersionDate "2020.09.07"]
[SourceQuality "2"]

1. e4 d6 2. d4 Nf6 3. Nc3 g6 4. f4 Bg7 5. Bd3 c6 6. Nf3 Qb6 7. e5 dxe5 8. fxe5
Nd5 9. Ne4 O-O 10. c3 Na6 11. O-O Bf5 12. c4 Ndb4 13. Bb1 Nb8 14. Bf4 Nd7 15.
a3 Na6 16. b4 f6 17. exf6 Nxf6 18. Nxf6+ Bxf6 19. Bxf5 gxf5 20. Ne5 Rad8 21. c5
Qb5 22. Rf3 Bxe5 23. Bxe5 Rf7 24. Rxf5 Qc4 25. Qg4+ Kf8 26. Qg7+ Ke8 27. Qg8+
1-0

[Event "GBR-ch72"]
[Site "Edinburgh"]
[Date "1985.07.29"]
[Round "1.30"]
[White "Small, Simon"]
[Black "Morrison, Robert"]
[Result "1-0"]
[WhiteElo "2152"]
[BlackElo "2370"]
[PlyCount "75"]
[EventDate "1985.07.29"]
[EventType "swiss"]
[EventRounds "11"]
[EventCountry "GBR"]
[SourceTitle "BritBase"]
[Source "John Saunders"]
[SourceDate "2020.09.07"]
[SourceVersion "1"]
[SourceVersionDate "2020.09.07"]
[SourceQuality "2"]

1. d4 Nf6 2. Nc3 g6 3. e4 d6 4. Bg5 Nbd7 5. Qd2 h6 6. Bh4 g5 7. Bg3 Nh5 8.
O-O-O Bg7 9. Kb1 a6 10. Nge2 b5 11. f3 Nxg3 12. Nxg3 Nf6 13. Nf5 Bxf5 14. exf5
c6 15. Ne4 Qc8 16. g4 Nxe4 17. fxe4 c5 18. e5 dxe5 19. dxc5 O-O 20. Bg2 Ra7 21.
c6 Qb8 22. Be4 Bf6 23. Qe3 Kg7 24. Rd2 Rc7 25. Rhd1 Rfc8 26. Rd7 Rxc6 27. Bxc6
Rxc6 28. Qa7 Qc8 29. Rd8 Qc7 30. Qa8 Rxc2 31. Rh8 Rxb2+ 32. Kxb2 e4+ 33. Kb1
Bc3 34. f6+ Kxf6 35. Rxh6+ Ke5 36. Qd5+ Kf4 37. Qf5+ Ke3 38. Rh3+ 1-0

[Event "GBR-ch72"]
[Site "Edinburgh"]
[Date "1985.07.29"]
[Round "1.31"]
[White "Ravikumar, Vaidyanathan"]
[Black "Eke, Matthew A"]
[Result "1-0"]
[WhiteElo "2370"]
[BlackElo "2128"]
[PlyCount "75"]
[EventDate "1985.07.29"]
[EventType "swiss"]
[EventRounds "11"]
[EventCountry "GBR"]
[SourceTitle "BritBase"]
[Source "John Saunders"]
[SourceDate "2020.09.07"]
[SourceVersion "1"]
[SourceVersionDate "2020.09.07"]
[SourceQuality "2"]

1. d4 e6 2. e4 d5 3. Nd2 Nf6 4. e5 Nfd7 5. f4 c5 6. c3 Nc6 7. Ndf3 cxd4 8. cxd4
f6 9. g3 Qb6 10. Bh3 Bb4+ 11. Kf1 fxe5 12. fxe5 O-O 13. Kg2 Ndxe5 14. dxe5 Nxe5
15. Qe2 Nxf3 16. Nxf3 e5 17. Bxc8 Raxc8 18. Nxe5 Rce8 19. Bf4 Bd6 20. Rhe1 Bxe5
21. Bxe5 Rf5 22. Qc2 Rfxe5 23. Rxe5 Rxe5 24. Qc8+ Kf7 25. Rf1+ Kg6 26. Qg4+ Rg5
27. Qe2 h5 28. h4 Rg4 29. Qe8+ Kh6 30. Rf8 Rxg3+ 31. Kxg3 Qg1+ 32. Kf4 Qd4+ 33.
Kf5 Qg4+ 34. Ke5 Qxh4 35. Qe6+ Kh7 36. Qf5+ g6 37. Rf7+ Kh6 38. Qf4+ 1-0

[Event "GBR-ch72"]
[Site "Edinburgh"]
[Date "1985.07.29"]
[Round "1.32"]
[White "Evans, Raymond G"]
[Black "Motwani, Paul"]
[Result "1/2-1/2"]
[WhiteElo "2128"]
[BlackElo "2365"]
[PlyCount "66"]
[EventDate "1985.07.29"]
[EventType "swiss"]
[EventRounds "11"]
[EventCountry "GBR"]
[SourceTitle "BritBase"]
[Source "John Saunders"]
[SourceDate "2020.09.07"]
[SourceVersion "1"]
[SourceVersionDate "2020.09.07"]
[SourceQuality "2"]

1. e4 c5 2. Nf3 e6 3. d4 cxd4 4. Nxd4 Nc6 5. Nc3 a6 6. Be2 Qc7 7. O-O Nf6 8.
Be3 Bb4 9. Na4 O-O 10. Nxc6 bxc6 11. Nb6 Rb8 12. Nxc8 Rfxc8 13. Bxa6 Rd8 14.
Bd3 Bd6 15. Kh1 Be5 16. c3 Rxb2 17. Qc1 Ng4 18. f4 Nxe3 19. Qxb2 Nxf1 20. fxe5
Nxh2 21. Kxh2 Qxe5+ 22. Kg1 Qc5+ 23. Kf1 d5 24. e5 f6 25. exf6 Rf8 26. Ke2 Rxf6
27. Rf1 Rxf1 28. Kxf1 Qe3 29. Qe2 Qf4+ 30. Qf2 Qa4 31. Qe2 Qf4+ 32. Qf2 Qa4 33.
Qe2 Qf4+ 1/2-1/2

[Event "GBR-ch72"]
[Site "Edinburgh"]
[Date "1985.07.29"]
[Round "1.33"]
[White "Vaidya, Arun"]
[Black "Habershon, Paul F"]
[Result "1-0"]
[WhiteElo "2365"]
[BlackElo "2112"]
[PlyCount "67"]
[EventDate "1985.07.29"]
[EventType "swiss"]
[EventRounds "11"]
[EventCountry "GBR"]
[SourceTitle "BritBase"]
[Source "John Saunders"]
[SourceDate "2020.09.07"]
[SourceVersion "1"]
[SourceVersionDate "2020.09.07"]
[SourceQuality "2"]

1. e4 Nf6 2. e5 Nd5 3. d4 d6 4. exd6 cxd6 5. g3 Nc6 6. Bg2 Nf6 7. c4 g6 8. Nc3
Bg7 9. Nf3 O-O 10. O-O Bf5 11. h3 Rc8 12. b3 d5 13. c5 Ne4 14. Bb2 e5 15. Nxe4
Bxe4 16. Nxe5 Nxe5 17. dxe5 Bxg2 18. Kxg2 Re8 19. Re1 Rxc5 20. Qd3 Rc7 21. Rad1
Rd7 22. Bd4 Re6 23. Re2 a6 24. f4 Qe8 25. Red2 Rc6 26. Qf3 Qc8 27. Bf2 Rc3 28.
Qe2 Qc6 29. Bd4 Rc7 30. Bxc3 d4+ 31. Qf3 dxc3 32. Qxc6 Rxc6 33. Rc2 Bf8 34. Rd3
1-0

[Event "GBR-ch72"]
[Site "Edinburgh"]
[Date "1985.07.29"]
[Round "1.34"]
[White "Richardson, Kevin D"]
[Black "Wells, Peter K"]
[Result "0-1"]
[WhiteElo "2112"]
[BlackElo "2365"]
[PlyCount "53"]
[EventDate "1985.07.29"]
[EventType "swiss"]
[EventRounds "11"]
[EventCountry "GBR"]
[SourceTitle "BritBase"]
[Source "John Saunders"]
[SourceDate "2020.09.07"]
[SourceVersion "1"]
[SourceVersionDate "2020.09.07"]
[SourceQuality "2"]

1. e4 c6 2. d4 d5 3. exd5 cxd5 4. Bd3 Nc6 5. c3 g6 6. Bf4 Nh6 7. Nf3 Bf5 8. O-O
Bxd3 9. Qxd3 Bg7 10. Nbd2 O-O 11. Rfe1 Qd7 12. h3 f6 13. Re2 Nf7 14. Rae1 e5
15. dxe5 fxe5 16. Nxe5 Nfxe5 17. Bxe5 Nxe5 18. Rxe5 Bxe5 19. Rxe5 Rad8 20. Nf3
Rfe8 21. Rg5 Qe6 22. h4 Qe4 23. Qb5 h6 24. Rg3 Re7 25. Qc5 Rg7 26. Qxa7 Qb1+
27. Kh2 {... (42)} 0-1

[Event "GBR-ch72"]
[Site "Edinburgh"]
[Date "1985.07.29"]
[Round "1.36"]
[White "Wallace, D.."]
[Black "Lawton, Geoffrey W"]
[Result "0-1"]
[WhiteElo "1965"]
[BlackElo "2360"]
[PlyCount "72"]
[EventDate "1985.07.29"]
[EventType "swiss"]
[EventRounds "11"]
[EventCountry "GBR"]
[SourceTitle "BritBase"]
[Source "John Saunders"]
[SourceDate "2020.09.07"]
[SourceVersion "1"]
[SourceVersionDate "2020.09.07"]
[SourceQuality "2"]

1. e4 c5 2. Nf3 Nc6 3. d4 cxd4 4. Nxd4 Nf6 5. Nc3 e5 6. Ndb5 d6 7. Bg5 a6 8.
Bxf6 gxf6 9. Na3 b5 10. Nd5 f5 11. Bd3 Be6 12. c3 Bg7 13. Nc2 O-O 14. Qh5 fxe4
15. Bxe4 f5 16. Nf6+ Qxf6 17. Bxc6 Rac8 18. Bb7 Rb8 19. Bxa6 Rb6 20. Nb4 Ra8
21. a4 Rbxa6 22. Nxa6 Rxa6 23. Qe8+ Bf8 24. Qxb5 Ra7 25. a5 Qf7 26. a6 Qc7 27.
Kd2 Bc4 28. Qa5 Qc6 29. Qd8 Qd5+ 30. Kc1 Qxg2 31. Rd1 Bb3 32. Qb8 Bxd1 33. Qxa7
Bb3 34. Qe3 Bh6 35. Qxh6 Qf1+ 36. Kd2 Qxf2+ 0-1

[Event "GBR-ch72"]
[Site "Edinburgh"]
[Date "1985.07.29"]
[Round "1.37"]
[White "Conquest, Stuart"]
[Black "Lewis, David Rhys"]
[Result "1-0"]
[WhiteElo "2345"]
[BlackElo "1885"]
[PlyCount "51"]
[EventDate "1985.07.29"]
[EventType "swiss"]
[EventRounds "11"]
[EventCountry "GBR"]
[SourceTitle "BritBase"]
[Source "John Saunders"]
[SourceDate "2020.09.07"]
[SourceVersion "1"]
[SourceVersionDate "2020.09.07"]
[SourceQuality "2"]

1. d4 Nf6 2. Nf3 g6 3. Bf4 Bg7 4. e3 d5 5. h3 O-O 6. Bd3 c5 7. c3 Nc6 8. Nbd2
c4 9. Bc2 Bf5 10. Bxf5 gxf5 11. g4 Qd7 12. Qc2 Ne4 13. Rg1 f6 14. gxf5 Qxf5 15.
O-O-O Kf7 16. Rg4 Rg8 17. Rdg1 Bh8 18. Nh4 Rxg4 19. hxg4 Qe6 20. f3 Ng5 21.
Bxg5 fxg5 22. Qxh7+ Bg7 23. Qh5+ Kg8 24. Qxg5 Qf6 25. Qxd5+ e6 26. g5 1-0

[Event "GBR-ch72"]
[Site "Edinburgh"]
[Date "1985.07.29"]
[Round "1.38"]
[White "Lalic, Susan Kathryn"]
[Black "Ivell, Nicholas W"]
[Result "1/2-1/2"]
[WhiteElo "2050"]
[BlackElo "2350"]
[PlyCount "39"]
[EventDate "1985.07.29"]
[EventType "swiss"]
[EventRounds "11"]
[EventCountry "GBR"]
[SourceTitle "BritBase"]
[Source "John Saunders"]
[SourceDate "2020.09.07"]
[SourceVersion "1"]
[SourceVersionDate "2020.09.07"]
[SourceQuality "2"]

1. e4 c5 2. c3 e6 3. d4 d5 4. exd5 exd5 5. Nf3 Nc6 6. Be3 cxd4 7. Nxd4 Nf6 8.
Be2 Be7 9. O-O O-O 10. Nd2 Qc7 11. N2b3 Ne5 12. Nb5 Qb8 13. Bc5 Bxc5 14. Nxc5
a6 15. Nd4 Qc7 16. Nd3 Neg4 17. g3 h5 18. Nf4 g6 19. Bf3 Rd8 20. Qb3 1/2-1/2

[Event "GBR-ch72"]
[Site "Edinburgh"]
[Date "1985.07.30"]
[Round "2.1"]
[White "Kosten, Anthony C"]
[Black "Miles, Anthony J"]
[Result "1/2-1/2"]
[WhiteElo "2395"]
[BlackElo "2560"]
[PlyCount "80"]
[EventDate "1985.07.29"]
[EventType "swiss"]
[EventRounds "11"]
[EventCountry "GBR"]
[SourceTitle "BritBase"]
[Source "John Saunders"]
[SourceDate "2020.09.07"]
[SourceVersion "1"]
[SourceVersionDate "2020.09.07"]
[SourceQuality "2"]

1. e4 c6 2. d4 d5 3. exd5 cxd5 4. c4 Nf6 5. Nc3 Be6 6. cxd5 Bxd5 7. Nxd5 Qxd5
8. Be2 Nc6 9. Bf3 Qc4 10. Ne2 e5 11. b3 Qa6 12. Bxc6+ Qxc6 13. O-O Rd8 14. Bb2
e4 15. Ng3 Bb4 16. a3 Ba5 17. Rc1 Qe6 18. Rc5 Rd5 19. b4 Bb6 20. Qa4+ Ke7 21.
Rcc1 h5 22. h3 Rg5 23. Rce1 Re8 24. d5 Rxd5 25. Bxf6+ Kxf6 26. Rxe4 Qxe4 27.
Nxe4+ Rxe4 28. Qc2 Red4 29. Kh1 Rd2 30. Qc3+ Kg6 31. a4 R5d3 32. Qe5 Rd4 33. f4
Bd8 34. g4 hxg4 35. hxg4 Kh7 36. Qh5+ Kg8 37. Re1 Rd1 38. Rxd1 Rxd1+ 39. Kg2
Be7 40. Qb5 b6 1/2-1/2

[Event "GBR-ch72"]
[Site "Edinburgh"]
[Date "1985.07.30"]
[Round "2.3"]
[White "Arkell, Keith C"]
[Black "Chandler, Murray G"]
[Result "0-1"]
[WhiteElo "2385"]
[BlackElo "2525"]
[PlyCount "80"]
[EventDate "1985.07.29"]
[EventType "swiss"]
[EventRounds "11"]
[EventCountry "GBR"]
[SourceTitle "BritBase"]
[Source "John Saunders"]
[SourceDate "2020.09.07"]
[SourceVersion "1"]
[SourceVersionDate "2020.09.07"]
[SourceQuality "2"]

1. d4 Nf6 2. Nf3 g6 3. g3 Bg7 4. Bg2 O-O 5. O-O d5 6. c4 dxc4 7. Qc2 Nc6 8.
Qxc4 Be6 9. Qa4 Nd5 10. Rd1 Nb6 11. Qa3 a5 12. Nc3 Nb4 13. d5 Bf5 14. Ne1 Bc2
15. Nxc2 Nxc2 16. Qc5 Nxa1 17. Bg5 Nc2 18. Bxe7 Nd7 19. Bxd8 Nxc5 20. Bxc7 Nb4
21. a3 Bxc3 22. bxc3 Na2 23. c4 Nc3 24. Rd2 Rfe8 25. e3 N3e4 26. Rd4 f5 27. f3
Nf6 28. e4 fxe4 29. fxe4 Nfxe4 30. d6 Nf6 31. Bh3 Nfd7 32. Rd5 Re1+ 33. Kf2 Ra1
34. Bxa5 Rf8+ 35. Ke2 Ra2+ 36. Rd2 Rxd2+ 37. Bxd2 Rf6 38. Bb4 b6 39. Bxd7 Nxd7
40. a4 Kf7 0-1

[Event "GBR-ch72"]
[Site "Edinburgh"]
[Date "1985.07.30"]
[Round "2.4"]
[White "Rogers, Ian"]
[Black "Teichmann, Erik OMC"]
[Result "1-0"]
[WhiteElo "2510"]
[BlackElo "2385"]
[PlyCount "71"]
[EventDate "1985.07.29"]
[EventType "swiss"]
[EventRounds "11"]
[EventCountry "GBR"]
[SourceTitle "BritBase"]
[Source "John Saunders"]
[SourceDate "2020.09.07"]
[SourceVersion "1"]
[SourceVersionDate "2020.09.07"]
[SourceQuality "2"]

1. e4 e5 2. Bc4 Nf6 3. Nc3 Nc6 4. d3 Bc5 5. Bg5 h6 6. Bh4 d6 7. Na4 Bb6 8. Nxb6
axb6 9. f3 Be6 10. Ne2 g5 11. Bf2 d5 12. Bb3 Qe7 13. c3 O-O-O 14. Qc2 h5 15. h4
g4 16. Be3 gxf3 17. gxf3 dxe4 18. dxe4 Nd7 19. O-O-O Bxb3 20. axb3 Nc5 21. b4
Ne6 22. Ng3 Qf6 23. Nf5 Ne7 24. Nxe7+ Qxe7 25. Qa4 Kb8 26. Kc2 Rxd1 27. Rxd1
Rd8 28. Ra1 c5 29. bxc5 bxc5 30. Qa7+ Kc7 31. Qa5+ Kb8 32. b4 Qd6 33. Bxc5 Qd3+
34. Kb3 Qxf3 35. Bb6 Nd4+ 36. Bxd4 1-0

[Event "GBR-ch72"]
[Site "Edinburgh"]
[Date "1985.07.30"]
[Round "2.5"]
[White "Flear, Glenn C"]
[Black "Ravikumar, Vaidyanathan"]
[Result "1/2-1/2"]
[WhiteElo "2475"]
[BlackElo "2370"]
[PlyCount "63"]
[EventDate "1985.07.29"]
[EventType "swiss"]
[EventRounds "11"]
[EventCountry "GBR"]
[SourceTitle "BritBase"]
[Source "John Saunders"]
[SourceDate "2020.09.07"]
[SourceVersion "1"]
[SourceVersionDate "2020.09.07"]
[SourceQuality "2"]

1. d4 Nf6 2. c4 e6 3. Nc3 Bb4 4. e3 b6 5. Nge2 Ne4 6. f3 Nxc3 7. bxc3 Be7 8. e4
O-O 9. Ng3 c5 10. Be3 d6 11. f4 Nc6 12. Bd3 e5 13. fxe5 cxd4 14. cxd4 dxe5 15.
d5 Bb4+ 16. Kf2 Na5 17. Rf1 Qc7 18. Kg1 Bc5 19. Bxc5 Qxc5+ 20. Kh1 f6 21. Rc1
Nb7 22. Be2 Nd6 23. Bg4 Kh8 24. Be6 a6 25. Nf5 Ra7 26. Qd3 Rc7 27. g4 Re8 28.
Bxc8 Rexc8 29. Nxd6 Qxd6 30. Rc2 h6 31. h3 Kh7 32. Rb1 1/2-1/2

[Event "GBR-ch72"]
[Site "Edinburgh"]
[Date "1985.07.30"]
[Round "2.6"]
[White "Hawksworth, John C"]
[Black "Hebden, Mark L"]
[Result "1-0"]
[WhiteElo "2370"]
[BlackElo "2455"]
[PlyCount "61"]
[EventDate "1985.07.29"]
[EventType "swiss"]
[EventRounds "11"]
[EventCountry "GBR"]
[SourceTitle "BritBase"]
[Source "John Saunders"]
[SourceDate "2020.09.07"]
[SourceVersion "1"]
[SourceVersionDate "2020.09.07"]
[SourceQuality "2"]

1. Nf3 Nf6 2. g3 g6 3. Bg2 Bg7 4. O-O O-O 5. d4 d6 6. c4 Nc6 7. d5 Na5 8. Nfd2
c5 9. Nc3 a6 10. Qc2 Rb8 11. b3 e5 12. Bb2 b5 13. Rab1 h6 14. f4 exf4 15. gxf4
Nh5 16. e3 Bf5 17. Nce4 bxc4 18. bxc4 Re8 19. Bc3 Rxb1 20. Rxb1 Bxe4 21. Bxe4
Nf6 22. Qd3 Ng4 23. h3 Nxe3 24. Qxe3 f5 25. Qf3 fxe4 26. Nxe4 Rf8 27. Qg4 Rf5
28. Bxa5 Qxa5 29. Nxd6 Rf6 30. Ne4 Rf8 31. Qe2 {(Rest of score is ambiguous,
and last few moves look suspicious; 1-0, time, 40 moves)} 1-0

[Event "GBR-ch72"]
[Site "Edinburgh"]
[Date "1985.07.30"]
[Round "2.7"]
[White "Hodgson, Julian M"]
[Black "Howell, James C"]
[Result "1-0"]
[WhiteElo "2445"]
[BlackElo "2370"]
[PlyCount "51"]
[EventDate "1985.07.29"]
[EventType "swiss"]
[EventRounds "11"]
[EventCountry "GBR"]
[SourceTitle "BritBase"]
[Source "John Saunders"]
[SourceDate "2020.09.07"]
[SourceVersion "1"]
[SourceVersionDate "2020.09.07"]
[SourceQuality "2"]

1. d4 Nf6 2. Bg5 Ne4 3. Bh4 c5 4. f3 g5 5. fxe4 gxh4 6. e3 Bh6 7. Kf2 Qb6 8.
Nc3 cxd4 9. Qxd4 Qxd4 10. exd4 Nc6 11. Nf3 Nb4 12. Nd5 Nxd5 13. exd5 h3 14. d6
e6 15. c4 b6 16. g3 Bf8 17. c5 bxc5 18. dxc5 Bg7 19. Rb1 Bb7 20. b4 O-O 21. Bb5
a5 22. Bxd7 axb4 23. a4 bxa3 24. Rxb7 a2 25. c6 Rfd8 26. c7 1-0

[Event "GBR-ch72"]
[Site "Edinburgh"]
[Date "1985.07.30"]
[Round "2.8"]
[White "Watson, William N"]
[Black "Vaidya, Arun"]
[Result "1-0"]
[WhiteElo "2435"]
[BlackElo "2365"]
[PlyCount "121"]
[EventDate "1985.07.29"]
[EventType "swiss"]
[EventRounds "11"]
[EventCountry "GBR"]
[SourceTitle "BritBase"]
[Source "John Saunders"]
[SourceDate "2020.09.07"]
[SourceVersion "1"]
[SourceVersionDate "2020.09.07"]
[SourceQuality "2"]

1. e4 e6 2. d4 d5 3. Nd2 b6 4. Ngf3 Nf6 5. e5 Nfd7 6. c3 Ba6 7. Bxa6 Nxa6 8.
Nf1 Be7 9. Qd3 Qc8 10. h4 c5 11. a3 cxd4 12. cxd4 Qc4 13. Qxc4 dxc4 14. Ne3 Rc8
15. Bd2 O-O 16. Ke2 Rc6 17. Rac1 b5 18. d5 exd5 19. Nd4 Rc5 20. Bb4 Nxb4 21.
axb4 Rcc8 22. Nxd5 Rfe8 23. Nxb5 Bf8 24. f4 Nxe5 25. Nbc7 Nd3+ 26. Nxe8 Rxe8+
27. Kf3 Nxc1 28. Rxc1 Rd8 29. Ke4 g6 30. Rxc4 Bg7 31. Rc8 f5+ 32. Kd3 Rxc8 33.
Ne7+ Kf7 34. Nxc8 a6 35. b3 Ke6 36. Kc4 Bf6 37. g3 Bb2 38. Nb6 Bc1 39. Kd3 Bb2
40. Na4 Bf6 41. Kc4 Kd6 42. Nc5 Kc6 43. Nxa6 Bd8 44. Nb8+ Kd6 45. Na6 Bb6 46.
Nc5 Kc6 47. Nd3 Bg1 48. Nc1 Bf2 49. Ne2 Kb6 50. Kd5 Kb5 51. Ke6 Kxb4 52. Kf6
Kxb3 53. Kg7 Kc2 54. Kxh7 Kd2 55. Kxg6 Kxe2 56. Kxf5 Bxg3 57. h5 Kf3 58. h6 Be1
59. Kg5 Ke4 60. h7 Bc3 61. f5 1-0

[Event "GBR-ch72"]
[Site "Edinburgh"]
[Date "1985.07.30"]
[Round "2.9"]
[White "Wells, Peter K"]
[Black "King, Daniel J"]
[Result "1/2-1/2"]
[WhiteElo "2365"]
[BlackElo "2435"]
[PlyCount "32"]
[EventDate "1985.07.29"]
[EventType "swiss"]
[EventRounds "11"]
[EventCountry "GBR"]
[SourceTitle "BritBase"]
[Source "John Saunders"]
[SourceDate "2020.09.07"]
[SourceVersion "1"]
[SourceVersionDate "2020.09.07"]
[SourceQuality "2"]

1. d4 Nf6 2. c4 e6 3. Nf3 d5 4. Nc3 Be7 5. Bg5 h6 6. Bxf6 Bxf6 7. e3 O-O 8. Qc2
c5 9. dxc5 Nc6 10. Be2 Na5 11. O-O Qc7 12. Rac1 dxc4 13. Ne4 Qe7 14. Bxc4 Bd7
15. Rfd1 Rfd8 16. Nxf6+ Qxf6 1/2-1/2

[Event "GBR-ch72"]
[Site "Edinburgh"]
[Date "1985.07.30"]
[Round "2.10"]
[White "McNab, Colin Anderson"]
[Black "Conquest, Stuart"]
[Result "1/2-1/2"]
[WhiteElo "2420"]
[BlackElo "2345"]
[PlyCount "83"]
[EventDate "1985.07.29"]
[EventType "swiss"]
[EventRounds "11"]
[EventCountry "GBR"]
[SourceTitle "BritBase"]
[Source "John Saunders"]
[SourceDate "2020.09.07"]
[SourceVersion "1"]
[SourceVersionDate "2020.09.07"]
[SourceQuality "2"]

1. c4 e5 2. Nc3 Nc6 3. g3 g6 4. Bg2 Bg7 5. d3 d6 6. Nh3 h5 7. f4 h4 8. Nf2 Nd4
9. e3 Ne6 10. Bd2 c6 11. Qf3 f5 12. O-O-O Bd7 13. g4 Qb6 14. gxf5 gxf5 15. fxe5
dxe5 16. Qxf5 O-O-O 17. Qf3 Ng5 18. Qe2 h3 19. Be4 Nf6 20. Rhg1 Bh6 21. d4
Nfxe4 22. Nfxe4 Nxe4 23. Nxe4 Qa6 24. Nc3 Rhg8 25. dxe5 Be6 26. Rxg8 Rxg8 27.
Qh5 Rh8 28. Qg6 Qxc4 29. b3 Qg4 30. Rg1 Qxg6 31. Rxg6 Bf5 32. Rf6 Bd3 33. e4
Bg7 34. Rf3 Ba6 35. Bf4 Kd7 36. Rg3 Bf8 37. Rg6 Ba3+ 38. Kc2 Rf8 39. e6+ Ke8
40. Bg3 Rf3 41. Bh4 Kf8 42. Rf6+ 1/2-1/2

[Event "GBR-ch72"]
[Site "Edinburgh"]
[Date "1985.07.30"]
[Round "2.11"]
[White "Mannion, Stephen R"]
[Black "Johansen, Darryl Keith"]
[Result "0-1"]
[WhiteElo "2215"]
[BlackElo "2410"]
[PlyCount "72"]
[EventDate "1985.07.29"]
[EventType "swiss"]
[EventRounds "11"]
[EventCountry "GBR"]
[SourceTitle "BritBase"]
[Source "John Saunders"]
[SourceDate "2020.09.07"]
[SourceVersion "1"]
[SourceVersionDate "2020.09.07"]
[SourceQuality "2"]

1. d4 Nf6 2. Nf3 g6 3. Bf4 Bg7 4. e3 d6 5. h3 O-O 6. Bc4 c5 7. c3 b6 8. O-O Bb7
9. Nbd2 Nbd7 10. Bh2 a6 11. a4 Ra7 12. Re1 Qa8 13. Bd3 Ne4 14. Nxe4 Bxe4 15.
Bxe4 Qxe4 16. Qb3 Rb7 17. c4 Rfb8 18. Red1 h6 19. Bg3 b5 20. cxb5 axb5 21. a5
c4 22. Qb4 Nf6 23. a6 Ra7 24. b3 Nd5 25. Qa5 c3 26. b4 Rb6 27. Rdc1 Kh7 28. Ne1
Raxa6 29. Qxa6 Rxa6 30. Rxa6 Nxb4 31. Ra3 Nd5 32. Nc2 Qd3 33. Rb3 Qd2 34. Rbb1
b4 35. Ne1 b3 36. e4 c2 {time} 0-1